000 00480nam a22001577a 4500
005 20180823144105.0
020 _a0313294232
_c995.00
035 _aB-129276, B-129275, B-129278
037 _aDPL
_bENG
100 _aPatel, Jashu
245 _aLibrary and Librarianship in India /
_cby Jashu Patel and Krishan Kumar
260 _aLondon
_bGreenwood Press
_c2004
300 _avii, 270p.
_c20 cms.
700 _aKumar, Krishan
_942617
942 _2ddc
_cEN
_h020
_mPAT
999 _c63224
_d63224